000 00394 a2200133 4500
000 nam a22 7a 4500
100 _aसुरेंद्र कटारिया
110 _aसुरेंद्र कटारिया
245 _aभारतीये लोक प्रशासन
250 _alatest edition
260 _bRBSA
_c2024
264 _bRBSA
_c2024
942 _cBK
999 _c395279
_d395279